|
|
|
|
| LEADER |
00000nam0a2200000 4500 |
| 001 |
9257 |
| 005 |
20231030182331.0 |
| 010 |
|
|
|a 5885950490
|
| 035 |
|
|
|a (RuTPU)RU\TPU\book\9309
|
| 035 |
|
|
|a BOOK00000020
|
| 090 |
|
|
|a 9257
|
| 100 |
|
|
|a 20011209d1998 m y0rusy50 ca
|
| 101 |
0 |
|
|a rus
|
| 102 |
|
|
|a RU
|
| 105 |
|
|
|a y z 010zy
|
| 200 |
1 |
|
|a У руля разработки нефтяных месторождений
|e 35 лет ЦКР Минтопэнерго РФ
|
| 210 |
|
|
|a Москва
|c ВНИИОЭНГ
|d 1998
|
| 215 |
|
|
|a 284 с.
|
| 610 |
1 |
|
|a нефть
|
| 610 |
1 |
|
|a месторождения
|
| 610 |
1 |
|
|a разработка
|
| 610 |
1 |
|
|a ЦКР
|
| 610 |
1 |
|
|a Центральная комиссия по разработке
|
| 675 |
|
|
|a 622.276
|v 3
|
| 801 |
|
0 |
|a RU
|b 63413507
|c 20011209
|g PSBO
|
| 801 |
|
2 |
|a RU
|b 63413507
|c 20070712
|g PSBO
|
| 942 |
|
|
|c BK
|